[Event "EU-chT Seniors 15th"]
[Site "Dresden"]
[Date "2013.07.27"]
[Round "8"]
[White "Dekan, Hans"]
[Black "Pedersen, Sven"]
[Result "1/2-1/2"]
[WhiteElo "2172"]
[BlackElo "2225"]
[PlyCount "114"]
[EventDate "2013.07.20"]
[EventType "team-swiss"]
[EventRounds "9"]
[EventCountry "GER"]
[SourceTitle "CBM 155 Extra"]
[Source "ChessBase"]
[SourceDate "2013.08.26"]
[SourceVersion "1"]
[SourceVersionDate "2013.08.26"]
[SourceQuality "1"]
[WhiteTeam "Eppingen"]
[BlackTeam "Norresundby"]
[WhiteTeamCountry "GER"]
[BlackTeamCountry "DEN"]

1. e4 g6 2. d4 Bg7 3. Nf3 d6 4. Bc4 c6 5. 0-0 d5 6. Bb3 dxe4 7. Ng5 Nh6 8. Nxe4 0-0 9. Bg5 Nf5 10. c3 h6 11. Bf4 Nd7 12. Na3 g5 13. Bg3 Nb6 14. Qe2 Nd5 15. Nc4 Qe8 16. Rae1 b6 17. Ncd6 Nxd6 18. Nxd6 Qd8 19. Nxc8 Rxc8 20. f4 e6 21. f5 Re8 22. Qf3 exf5 23. Qxf5 Qf6 24. Rxe8+ Rxe8 25. Qd7 Qe6 26. Qxa7 f5 27. Re1 Qf7 28. Qxf7+ Kxf7 29. Rxe8 Kxe8 30. Bxd5 cxd5 31. Bc7 b5 32. Kf1 Kd7 33. Bb8 b4 34. Ke2 bxc3 35. bxc3 Kc6 36. Kd3 Kb5 37. Kc2 Kc4 38. a4 h5 39. Bc7 g4 40. Bf4 Bf6 41. a5 Kb5 42. Kd3 Bd8 43. a6 Bb6 44. Bb8 Kxa6 45. c4 Kb7 46. Be5 Kc6 47. c5 Bd8 48. Bf4 Bf6 49. Kc3 Bg7 50. Bg5 Kd7 51. Kd3 Kc6 52. Be3 Bf6 53. Ke2 Bd8 54. Bf4 Bf6 55. Ke3 Kd7 56. Kd3 Kc6 57. Kc3 Kb5 1/2-1/2

[Event "Copenhagen Cand op"]
[Site "Copenhagen"]
[Date "2013.04.28"]
[Round "8"]
[White "Andersen, Kim Nyvang"]
[Black "Pedersen, Sven"]
[Result "0-1"]
[WhiteElo "2003"]
[BlackElo "2083"]
[PlyCount "44"]
[EventDate "2013.04.24"]
[EventType "swiss"]
[EventRounds "9"]
[EventCountry "DEN"]
[SourceTitle "EXT 2015"]
[Source "ChessBase"]
[SourceDate "2014.11.20"]
[SourceVersion "1"]
[SourceVersionDate "2014.11.20"]
[SourceQuality "1"]

1. d4 d5 2. c4 e6 3. Nc3 c6 4. Nf3 dxc4 5. e4 b5 6. Be2 Bb7 7. 0-0 Nd7 8. d5 exd5 9. exd5 cxd5 10. Re1 Be7 11. Nxb5 a6 12. Nc3 Ngf6 13. b3 cxb3 14. Qxb3 Nc5 15. Qb1 0-0 16. Be3 Rb8 17. Rd1 Qa5 18. Rc1 Rfd8 19. Nd4 Nfe4 20. Qc2 Bd6 21. Nb3 Nxb3 22. axb3 Qxc3 0-1

[Event "Copenhagen Challenge"]
[Site "Ballerup"]
[Date "2013.04.24"]
[Round "1"]
[White "Pedersen, Sven"]
[Black "Bekker Jensen, Simon"]
[Result "0-1"]
[WhiteElo "2083"]
[BlackElo "2412"]
[PlyCount "134"]
[EventDate "2013.04.24"]
[EventType "swiss"]
[EventRounds "9"]
[EventCountry "DEN"]
[SourceTitle "CBM 154 Extra"]
[Source "ChessBase"]
[SourceDate "2013.06.25"]
[SourceVersion "2"]
[SourceVersionDate "2013.06.25"]
[SourceQuality "1"]

1. e4 c5 2. Nf3 d6 3. d4 Nf6 4. Nc3 cxd4 5. Nxd4 a6 6. Be3 e5 7. Nb3 Be6 8. Qd2 Be7 9. f3 0-0 10. 0-0-0 Nbd7 11. g4 Qc7 12. g5 Nh5 13. Kb1 b5 14. f4 exf4 15. Bxf4 Nxf4 16. Qxf4 Rac8 17. Nd4 Qc5 18. h4 Ne5 19. Bh3 Qc4 20. Qd2 Rfe8 21. Nf5 Bf8 22. Ne3 Qc5 23. Ncd5 a5 24. h5 Bxd5 25. Nxd5 Nc4 26. Qg2 Rcd8 27. h6 g6 28. Qg1 Qxg1 29. Rhxg1 Re5 30. Nf6+ Kh8 31. Rd5 Be7 32. Rxe5 dxe5 33. Nd5 Bc5 34. Rd1 Nb6 35. b3 Be7 36. Rd3 Nxd5 37. Rxd5 Rxd5 38. exd5 b4 39. c4 bxc3 40. Kc2 Bb4 41. a3 Bxa3 42. Kxc3 Kg8 43. Kc4 Kf8 44. Kb5 Bb4 45. Kc6 Ke7 46. Bg2 Kd8 47. d6 Bd2 48. Kd5 Bf4 49. Bf3 Bxg5 50. Kxe5 Kd7 51. Bg4+ f5 52. Be2 Bxh6 53. Bb5+ Kd8 54. Bc4 Bg5 55. Bg8 Ke8 56. d7+ Kf8 57. Bc4 Bd8 58. Ke6 Kg7 59. Bd5 h5 60. Bf3 h4 61. Bg2 Kh6 62. Kf7 g5 63. Ke8 Bb6 64. d8Q Bxd8 65. Kxd8 g4 66. Ke7 h3 67. Bf1 h2 0-1

[Event "DEN-chT 1213"]
[Site "Denmark"]
[Date "2013.03.09"]
[Round "8.7"]
[White "Pedersen, Daniel Vesterbaek"]
[Black "Pedersen, Sven"]
[Result "1-0"]
[WhiteElo "2274"]
[BlackElo "2114"]
[PlyCount "51"]
[EventDate "2012.10.27"]
[EventType "team-tourn"]
[EventRounds "9"]
[EventCountry "DEN"]
[SourceTitle "EXT 2014"]
[Source "ChessBase"]
[SourceDate "2013.11.20"]
[SourceVersion "1"]
[SourceVersionDate "2013.11.20"]
[SourceQuality "1"]
[WhiteTeam "Nordkalotten"]
[BlackTeam "BMS"]
[WhiteTeamCountry "DEN"]
[BlackTeamCountry "DEN"]

1. e4 c5 2. c3 Nf6 3. e5 Nd5 4. d4 cxd4 5. Nf3 Nc6 6. Bc4 Nb6 7. Bb3 d5 8. exd6 Qxd6 9. 0-0 d3 10. Na3 Bf5 11. Nb5 Qd8 12. Bf4 Rc8 13. Nh4 Bg6 14. Re1 e6 15. Nxg6 hxg6 16. Re3 Bc5 17. Rxd3 Qf6 18. Nd6+ Bxd6 19. Bxd6 Ne5 20. Rd4 g5 21. Qe2 Nc6 22. Rd3 Ne7 23. Rf3 Qg6 24. Bc2 Qh5 25. Qb5+ Nc6 26. Rh3 1-0

[Event "DEN-chT 1213"]
[Site "Denmark"]
[Date "2013.01.27"]
[Round "6.7"]
[White "Bank, Pelle Rodkjaer"]
[Black "Pedersen, Sven"]
[Result "1-0"]
[WhiteElo "2220"]
[BlackElo "2114"]
[PlyCount "51"]
[EventDate "2012.10.27"]
[EventType "team-tourn"]
[EventRounds "9"]
[EventCountry "DEN"]
[SourceTitle "EXT 2014"]
[Source "ChessBase"]
[SourceDate "2013.11.20"]
[SourceVersion "1"]
[SourceVersionDate "2013.11.20"]
[SourceQuality "1"]
[WhiteTeam "Copenhagen 68"]
[BlackTeam "BMS"]
[WhiteTeamCountry "DEN"]
[BlackTeamCountry "DEN"]

1. d4 d5 2. c4 c6 3. Nf3 Nf6 4. Nc3 e6 5. Bg5 h6 6. Bh4 dxc4 7. e4 g5 8. Bg3 b5 9. Be2 Bb4 10. 0-0 Nbd7 11. Qc2 Bb7 12. Rfd1 Qb6 13. Ne5 Rg8 14. d5 cxd5 15. Nxd7 Nxd7 16. exd5 Bxc3 17. dxe6 Qxe6 18. Qxc3 0-0-0 19. Qa5 Qb6 20. Qxb6 axb6 21. Bg4 Be4 22. f3 Bd3 23. a4 f5 24. axb5 fxg4 25. Ra7 Nb8 26. Ra2 1-0

[Event "Borup op 6th"]
[Site "Borup"]
[Date "2012.09.15"]
[Round "3"]
[White "Brondum, Jan Kraul"]
[Black "Pedersen, Sven"]
[Result "0-1"]
[WhiteElo "1625"]
[BlackElo "2121"]
[PlyCount "46"]
[EventDate "2012.09.14"]
[EventType "swiss"]
[EventRounds "9"]
[EventCountry "DEN"]
[SourceTitle "CBM 150 Extra"]
[Source "ChessBase"]
[SourceDate "2012.10.19"]
[SourceVersion "1"]
[SourceVersionDate "2012.10.19"]
[SourceQuality "1"]

1. e4 c5 2. c3 Nf6 3. Qe2 Nc6 4. a4 d6 5. d3 g6 6. Nf3 Bg7 7. Be3 0-0 8. g3 b6 9. Bg2 Qc7 10. Nbd2 Ba6 11. c4 Rad8 12. 0-0 Ng4 13. Rac1 Nxe3 14. fxe3 Bxb2 15. Rb1 Bg7 16. Qf2 e6 17. Ng5 Ne5 18. d4 Ng4 19. Qf4 Nxe3 20. Rf3 Nxc4 21. Nxc4 Bxc4 22. dxc5 Qxc5+ 23. Kh1 e5 0-1

[Event "Copenhagen Challenge"]
[Site "Ballerup"]
[Date "2012.05.05"]
[Round "4"]
[White "Akdag, Dara Sevkan"]
[Black "Pedersen, Sven"]
[Result "1-0"]
[WhiteElo "2264"]
[BlackElo "2125"]
[PlyCount "67"]
[EventDate "2012.05.02"]
[EventType "swiss"]
[EventRounds "9"]
[EventCountry "DEN"]
[SourceTitle "CBM 148 Extra"]
[Source "ChessBase"]
[SourceDate "2012.06.22"]
[SourceVersion "1"]
[SourceVersionDate "2012.06.22"]
[SourceQuality "1"]

1. Nf3 d5 2. g3 Nf6 3. Bg2 c6 4. 0-0 Bg4 5. c4 dxc4 6. Qc2 Nbd7 7. Na3 e6 8. Nxc4 Be7 9. d4 0-0 10. Rd1 Nb6 11. Na5 Bxf3 12. Bxf3 Rb8 13. e4 Bb4 14. Nb3 Nbd7 15. Bf4 Rc8 16. Nc5 b6 17. Nb7 Qe7 18. a3 Nb8 19. axb4 Qxb7 20. Qa4 Qe7 21. Be5 Rfe8 22. Kg2 h6 23. b5 Nfd7 24. Bxb8 Nxb8 25. Qxa7 Qb4 26. Qxb6 cxb5 27. Ra7 Nc6 28. Rc7 Rxc7 29. Qxc7 Ne7 30. d5 Rc8 31. Qd7 exd5 32. exd5 Rc2 33. d6 Ng6 34. Qe8+ 1-0

[Event "Copenhagen Challenge"]
[Site "Ballerup"]
[Date "2012.05.04"]
[Round "5"]
[White "Pedersen, Sven"]
[Black "Knudsen, Jes West"]
[Result "1/2-1/2"]
[WhiteElo "2125"]
[BlackElo "1890"]
[PlyCount "86"]
[EventDate "2012.05.02"]
[EventType "swiss"]
[EventRounds "9"]
[EventCountry "DEN"]
[SourceTitle "CBM 148 Extra"]
[Source "ChessBase"]
[SourceDate "2012.06.22"]
[SourceVersion "1"]
[SourceVersionDate "2012.06.22"]
[SourceQuality "1"]

1. e4 Nf6 2. e5 Nd5 3. d4 d6 4. Bc4 Nb6 5. Bb3 dxe5 6. Qh5 e6 7. dxe5 Bb4+ 8. c3 Be7 9. Qg4 Kf8 10. Nf3 Qd3 11. Be3 Bd7 12. Nbd2 Nd5 13. Bg5 h5 14. Bxe7+ Nxe7 15. Qh4 Nbc6 16. Rd1 Ng6 17. Qg5 Be8 18. Bc4 Qf5 19. Qxf5 exf5 20. e6 Nf4 21. exf7 Bxf7 22. Bxf7 Nd3+ 23. Kf1 Kxf7 24. Nc4 Nc5 25. g3 Kf6 26. Ne3 Rad8 27. Nd5+ Kf7 28. Kg2 Ne6 29. b4 b5 30. Rd2 Rd6 31. Rhd1 Rhd8 32. h4 Ne7 33. Nxe7 Rxd2 34. Rxd2 Rxd2 35. Nxd2 Kxe7 36. Kf3 Kd6 37. Ke3 Kd5 38. Kd3 c5 39. a3 f4 40. Ke2 g5 41. hxg5 fxg3 42. fxg3 Nxg5 43. Ke3 Ne6 1/2-1/2

[Event "DEN-chT 1112 50th"]
[Site "Denmark"]
[Date "2012.03.11"]
[Round "9.7"]
[White "Pedersen, Finn"]
[Black "Pedersen, Sven"]
[Result "1-0"]
[WhiteElo "2285"]
[BlackElo "2139"]
[PlyCount "75"]
[EventDate "2011.10.29"]
[EventType "team-tourn"]
[EventRounds "9"]
[EventCountry "DEN"]
[SourceTitle "EXT 2013"]
[Source "ChessBase"]
[SourceDate "2012.11.22"]
[SourceVersion "1"]
[SourceVersionDate "2012.11.22"]
[SourceQuality "1"]
[WhiteTeam "Aarhus/Skolerne"]
[BlackTeam "BMS"]
[WhiteTeamCountry "DEN"]
[BlackTeamCountry "DEN"]

1. Nf3 d5 2. c4 c6 3. b3 Bg4 4. e3 Nf6 5. Be2 e6 6. 0-0 Nbd7 7. Bb2 Bd6 8. h3 Bxf3 9. Bxf3 0-0 10. Nc3 Qe7 11. d4 Rfe8 12. Re1 Rad8 13. Qc2 dxc4 14. bxc4 e5 15. Red1 Nf8 16. Ne4 Nxe4 17. Qxe4 Nd7 18. Qc2 Nf6 19. dxe5 Bxe5 20. Bxe5 Qxe5 21. Qb3 Qc7 22. Rab1 b6 23. c5 b5 24. a4 a6 25. axb5 axb5 26. Rbc1 h6 27. Rd6 Rxd6 28. cxd6 Qxd6 29. Rxc6 Qe5 30. Qb4 Ra8 31. g3 Ra4 32. Qb3 Qf5 33. Kg2 Ne4 34. Qc2 Qd5 35. Rc8+ Kh7 36. Rc5 Qe6 37. Rxb5 f5 38. Qxa4 1-0

[Event "Copenhagen Challenge"]
[Site "Ballerup"]
[Date "2011.05.21"]
[Round "6"]
[White "Rimestad, Arild"]
[Black "Pedersen, Sven"]
[Result "1/2-1/2"]
[WhiteElo "1725"]
[BlackElo "2125"]
[PlyCount "82"]
[EventDate "2011.05.18"]
[EventType "swiss"]
[EventRounds "9"]
[EventCountry "DEN"]
[SourceTitle "EXT 2018"]
[Source "ChessBase"]
[SourceDate "2017.10.13"]
[SourceVersion "1"]
[SourceVersionDate "2017.10.13"]
[SourceQuality "1"]

1. e4 c5 2. Nc3 e6 3. g3 d5 4. exd5 exd5 5. d3 Nf6 6. Bg2 Be7 7. Bg5 Be6 8. Nh3 d4 9. Bxf6 Bxf6 10. Ne4 Qa5+ 11. Qd2 Qxd2+ 12. Kxd2 Nd7 13. Nd6+ Ke7 14. Nxb7 Rab8 15. Na5 Rxb2 16. Rhe1 Kd8 17. Nf4 Bg5 18. Nb3 c4 19. dxc4 Nb6 20. Nxd4 Nxc4+ 21. Kc3 Bxf4 22. Nxe6+ fxe6 23. Kxc4 Rxc2+ 24. Kb3 Rxf2 25. Rad1+ Kc7 26. gxf4 Rxg2 27. Rxe6 Rb8+ 28. Ka3 Rbb2 29. Re7+ Kc6 30. Re6+ Kc5 31. Re5+ Kc4 32. Re4+ Kb5 33. Re5+ Ka6 34. Rd6+ Rb6 35. Rdd5 Rf2 36. Ra5+ Kb7 37. Re7+ Kc6 38. Raxa7 Rf3+ 39. Ka4 Rxf4+ 40. Ka3 Rf3+ 41. Ka4 Rf4+ 1/2-1/2

[Event "Copenhagen Challenge"]
[Site "Ballerup"]
[Date "2011.05.19"]
[Round "3"]
[White "Pedersen, Sven"]
[Black "Andersen, Kim Nyvang"]
[Result "1-0"]
[WhiteElo "2125"]
[BlackElo "1931"]
[PlyCount "81"]
[EventDate "2011.05.18"]
[EventType "swiss"]
[EventRounds "9"]
[EventCountry "DEN"]
[SourceTitle "EXT 2018"]
[Source "ChessBase"]
[SourceDate "2017.10.13"]
[SourceVersion "1"]
[SourceVersionDate "2017.10.13"]
[SourceQuality "1"]

1. e4 c5 2. c3 Nf6 3. e5 Nd5 4. Nf3 Nc6 5. d4 cxd4 6. cxd4 d6 7. Bc4 Nb6 8. Bb5 d5 9. Nc3 Bg4 10. h3 Bh5 11. 0-0 e6 12. Be3 Be7 13. Rc1 0-0 14. Na4 Rc8 15. Nc5 Qc7 16. g4 Bg6 17. Qd2 Nd7 18. Nxd7 Qxd7 19. a3 Nxe5 20. dxe5 Qxb5 21. Bxa7 Rc4 22. Rxc4 dxc4 23. Bd4 Qd5 24. Qe3 Be4 25. Nd2 Bg2 26. Re1 Bxh3 27. Qe4 h5 28. gxh5 b5 29. Bc3 Rd8 30. Re3 Bf5 31. Qf4 Kh7 32. Nf3 Qd1+ 33. Re1 Qd3 34. Re3 Qd1+ 35. Kg2 Rd3 36. Re1 Qa4 37. Nd4 Bh3+ 38. Kh2 b4 39. Qxf7 bxc3 40. Rg1 Bf8 41. h6 1-0

[Event "Copenhagen Challenge"]
[Site "Ballerup"]
[Date "2011.05.18"]
[Round "1"]
[White "Pedersen, Sven"]
[Black "Danielsen, Henrik"]
[Result "1/2-1/2"]
[WhiteElo "2125"]
[BlackElo "2545"]
[PlyCount "107"]
[EventDate "2011.05.18"]
[EventType "swiss"]
[EventRounds "9"]
[EventCountry "DEN"]
[SourceTitle "EXT 2018"]
[Source "ChessBase"]
[SourceDate "2017.10.13"]
[SourceVersion "1"]
[SourceVersionDate "2017.10.13"]
[SourceQuality "1"]

1. e4 g6 2. d4 Bg7 3. Nc3 d6 4. h3 a6 5. Nf3 b5 6. Bd3 Bb7 7. a4 b4 8. Ne2 Nd7 9. 0-0 c5 10. c3 bxc3 11. bxc3 Qc7 12. Bf4 c4 13. Bc2 e5 14. Be3 Ngf6 15. Ng3 0-0 16. Qd2 d5 17. exd5 Nxd5 18. Bh6 Nf4 19. Bxg7 Kxg7 20. dxe5 Nxe5 21. Nxe5 Qxe5 22. Rfe1 Rad8 23. Rxe5 Rxd2 24. Be4 Nd3 25. Ra5 Bc8 26. Nf1 Rc2 27. Ne3 Rxc3 28. Bd5 Re8 29. Nxc4 Nb4 30. Nd6 Re5 31. Nxc8 Rxd5 32. Rxd5 Nxd5 33. Nd6 Rc6 34. Ne4 Rc4 35. Nd2 Rc2 36. Nb3 Nb4 37. Nd4 Rb2 38. Ra3 Rd2 39. Nf3 Rd1+ 40. Kh2 Rd3 41. Ra1 Rd5 42. Kg3 f5 43. Rb1 a5 44. Rb3 Kf6 45. Rc3 g5 46. Rc8 Nd3 47. Rc6+ Kg7 48. Nxg5 f4+ 49. Kh4 h6 50. Ne4 Re5 51. f3 Ne1 52. Rc7+ Kg6 53. Rc6+ Kg7 54. Rc7+ 1/2-1/2

[Event "Borup op 5th"]
[Site "Borup"]
[Date "2010.09.10"]
[Round "6"]
[White "Pedersen, Sven"]
[Black "Kryger, Oksana"]
[Result "0-1"]
[WhiteElo "2106"]
[BlackElo "2157"]
[PlyCount "48"]
[EventDate "2010.09.03"]
[EventType "swiss"]
[EventRounds "9"]
[EventCountry "DEN"]
[SourceTitle "CBM 138 Extra"]
[Source "ChessBase"]
[SourceDate "2010.10.29"]
[SourceVersion "1"]
[SourceVersionDate "2010.10.29"]
[SourceQuality "1"]

1. e4 e6 2. d4 d5 3. Nd2 Nc6 4. Ngf3 Nf6 5. e5 Nd7 6. Be2 f6 7. exf6 Qxf6 8. Nb3 Bd6 9. Bg5 Qf7 10. Bh4 0-0 11. Bg3 Nf6 12. Ne5 Bxe5 13. dxe5 Ne4 14. 0-0 Nxg3 15. fxg3 Qe7 16. Rxf8+ Qxf8 17. Qd2 Nxe5 18. Rf1 Qd6 19. Qf4 Bd7 20. Bd3 Nxd3 21. Qf7+ Kh8 22. cxd3 Rg8 23. d4 Bb5 24. Rf4 Be8 0-1

[Event "Borup op 5th"]
[Site "Borup"]
[Date "2010.09.04"]
[Round "2"]
[White "Pedersen, Sven"]
[Black "Pedersen, Hans Dahl"]
[Result "1-0"]
[WhiteElo "2106"]
[BlackElo "2206"]
[PlyCount "69"]
[EventDate "2010.09.03"]
[EventType "swiss"]
[EventRounds "9"]
[EventCountry "DEN"]
[SourceTitle "CBM 138 Extra"]
[Source "ChessBase"]
[SourceDate "2010.10.29"]
[SourceVersion "1"]
[SourceVersionDate "2010.10.29"]
[SourceQuality "1"]

1. e4 c5 2. Nf3 e6 3. d4 cxd4 4. Nxd4 a6 5. Bd3 Qc7 6. 0-0 Nf6 7. Qe2 d6 8. a4 b6 9. Nc3 Bb7 10. f4 Nbd7 11. Nb3 g6 12. e5 Ng8 13. exd6 Bxd6 14. Ne4 Be7 15. Bd2 Ngf6 16. Rae1 0-0 17. Ng5 Nc5 18. Nxc5 Bxc5+ 19. Kh1 Rfe8 20. Bc3 Nd5 21. Be5 Qe7 22. Nxh7 Qh4 23. c4 Kxh7 24. cxd5 Bxd5 25. Be4 f6 26. Bc3 Kg7 27. g3 Qh3 28. Qg2 Bxe4 29. Rxe4 Qf5 30. Rfe1 Rad8 31. g4 Qd5 32. g5 Kf7 33. Bxf6 Rd7 34. Qh3 e5 35. Bxe5 1-0

[Event "Borup op 5th"]
[Site "Borup"]
[Date "2010.09.04"]
[Round "3"]
[White "Tikkanen, Hans"]
[Black "Pedersen, Sven"]
[Result "1-0"]
[WhiteElo "2507"]
[BlackElo "2106"]
[PlyCount "49"]
[EventDate "2010.09.03"]
[EventType "swiss"]
[EventRounds "9"]
[EventCountry "DEN"]
[SourceTitle "CBM 138 Extra"]
[Source "ChessBase"]
[SourceDate "2010.10.29"]
[SourceVersion "1"]
[SourceVersionDate "2010.10.29"]
[SourceQuality "1"]

1. d4 d5 2. c4 c6 3. Nf3 Nf6 4. e3 Bf5 5. Nc3 e6 6. Nh4 Bg6 7. Be2 Nbd7 8. 0-0 Be7 9. h3 Qc7 10. Nxg6 hxg6 11. Bd2 dxc4 12. Bxc4 e5 13. Qb3 0-0 14. Qc2 Kh7 15. dxe5 Nxe5 16. Bb3 Rad8 17. Rad1 Nd3 18. Nb5 Qb6 19. Nd4 Nc5 20. Bc4 Nce4 21. Bc1 Qc5 22. Bd3 Qxc2 23. Bxc2 Rd7 24. Bxe4 Nxe4 25. Ne6 1-0

[Event "Oslo Johannessen Memorial"]
[Site "Oslo"]
[Date "2008.07.01"]
[Round "8"]
[White "Skrondal, Inge Sandstad"]
[Black "Pedersen, Sven"]
[Result "1-0"]
[WhiteElo "2189"]
[BlackElo "2156"]
[PlyCount "29"]
[EventDate "2008.06.27"]
[EventType "swiss"]
[EventRounds "9"]
[EventCountry "NOR"]
[SourceTitle "CBM 125 Extra"]
[Source "ChessBase"]
[SourceDate "2008.09.01"]
[SourceVersion "1"]
[SourceVersionDate "2008.09.01"]
[SourceQuality "1"]

1. Nf3 d5 2. d4 e6 3. c4 c5 4. cxd5 exd5 5. Nc3 Nc6 6. dxc5 d4 7. Na4 b5 8. cxb6 axb6 9. e3 b5 10. Bxb5 Qa5+ 11. Nc3 dxc3 12. Bxc6+ Ke7 13. 0-0 Rb8 14. bxc3 Qxc3 15. Nd4 1-0

[Event "Oslo Johannessen Memorial"]
[Site "Oslo"]
[Date "2008.06.30"]
[Round "6"]
[White "Pedersen, Sven"]
[Black "Suntharalingam, Jathavan"]
[Result "1-0"]
[WhiteElo "2156"]
[BlackElo "1888"]
[PlyCount "35"]
[EventDate "2008.06.27"]
[EventType "swiss"]
[EventRounds "9"]
[EventCountry "NOR"]
[SourceTitle "CBM 125 Extra"]
[Source "ChessBase"]
[SourceDate "2008.09.01"]
[SourceVersion "1"]
[SourceVersionDate "2008.09.01"]
[SourceQuality "1"]

1. e4 c5 2. Nf3 e6 3. Nc3 Nc6 4. d4 cxd4 5. Nxd4 Nf6 6. Nb3 Bb4 7. Bd3 d5 8. exd5 Nxd5 9. Bd2 Nxc3 10. bxc3 Bd6 11. 0-0 e5 12. f4 0-0 13. Qh5 f5 14. fxe5 g6 15. Qh6 Bxe5 16. Rae1 Bg7 17. Qf4 b6 18. Qc4+ 1-0

[Event "Oslo Johannessen Memorial"]
[Site "Oslo"]
[Date "2008.06.28"]
[Round "3"]
[White "Hammer, Jon Ludvig"]
[Black "Pedersen, Sven"]
[Result "1-0"]
[WhiteElo "2457"]
[BlackElo "2156"]
[PlyCount "39"]
[EventDate "2008.06.27"]
[EventType "swiss"]
[EventRounds "9"]
[EventCountry "NOR"]
[SourceTitle "CBM 125 Extra"]
[Source "ChessBase"]
[SourceDate "2008.09.01"]
[SourceVersion "1"]
[SourceVersionDate "2008.09.01"]
[SourceQuality "1"]

1. e4 c5 2. Nf3 Nc6 3. Bb5 e6 4. Bxc6 bxc6 5. d3 d6 6. e5 dxe5 7. Nxe5 Bd6 8. Nc4 Be7 9. 0-0 Nf6 10. Nc3 0-0 11. b3 Nd5 12. Bb2 Bf6 13. Ne4 Bxb2 14. Nxb2 Nf4 15. Qf3 e5 16. Nxc5 Qd4 17. Nba4 Ne6 18. Qxc6 Rb8 19. Rae1 Nxc5 20. Qxc5 1-0